000 00277nam a2200121 a 4500
008 110427s1976|||| d
245 1 0 _aSlovensko-ruský slovník
260 _c1976
_bSPN
_aBratislava
100 1 _aKollár, D
020 _c90
044 _axo
_cSK
041 _aslo
999 _c19207
_d19207